1585 1996 1116 1914 1308 1403 1226 1061 1173 1192 1497 1919 1712 1684 1838 1322 1047 1283 1280 1058 1805 1998 1089 1283 1864 1768 1499 1523 1566 1143 1989 1826 1783 1200 1305 1651 1721 1140 1708 1072 1899 1932 1526 1608 1661 1495 1216 1686 1429 1061 1145 1844 1362 1675 1407 1642 1587 1702 1028 1204 1061 1340 1020 1277 1912 1184 1052 1923 1012 1485 1345 1724 1701 1044 1737 1419 1950 1077 1784 1420 1694 1754 1633 1161 1274 1063 1773 1551 1214 1201 1845 1750 1379 1764 1181 1859 1789 1622 1288 BCNSPRNW ULIB Ver.6.0+V

เปลี่ยนเป็นภาษาไทย

Change to English
 แสดงรายละเอียดบรรณานุกรม
  กลับหน้าหลัก

Brief Record : Get Marc (ISO 2709) : E-mail record : QR code < ปิดหน้าต่าง
LEADER : 00000nam 2200000uu 4500
001    13399123332
003     ULIB
008    140822s2556||||th 000 0 tha d
020    ^a9786161119102
050  0 CT1540^bอ252ส
060  4 ^aW18^bส473
245 00 ^aสองทศวรรษสถาบันพระบรมราชชนก ตามรอยพระบิดา ผลิตและพัฒนากำลังพลด้านสุขภาพ /^cคณะผู้จัดทำ อภิชาติ รอดสม ... [และคนอื่นๆ]
250    ^aพิมพ์ครั้งที่ 1
260    ^aนนทบุรี :^bสถาบันพระบรมราชชนก,^c2556
300    ^a208 หน้า :^bภาพประกอบ
600 07 ^aมหิตลาธิเบศร อดุลยเดชวิกรม พระบรมราชชนก,^cสมเด็จพระ, 2434-2472^xพระกรณียกิจ^xด้านการศึกษา
610 27 ^aสถาบันพระบรมราชชนก.^xประวัติ
650  7 ^aสาธารณสุข^xการศึกษาและการสอน
650  7 ^aสุขภาพ^xการศึกษาและการสอน
700 0  ^aอภิชาติ รอดสม
710 1  ^aสถาบันพระบรมราชชนก
945    ^p0^l0^i034634
945    ^p0^l0^i034635
945    ^p0^l0^i034636
999    ^aเกษร โพธิ์สุวรรณ
รายการนี้ยังไม่มีแท็ก
คุณยังไม่ได้ล็อกอิน คุณสามารถมีกิจกรรมร่วมกับเว็บไซต์ได้ แต่ต้องล็อกอินก่อน ::
  ล็อกอิน

รายการสื่อสารสนเทศ

ลำดับที่ ประเภท เลขเรียก/บาร์โค้ด สถานที่ สถานะ
1. การศึกษาทั่วไป
หนังสือสำรอง
สถานะ=หนังสือสำรอง
CT1540 อ252ส W18 ส473 ฉ.1 
  Barcode: 034634
ห้องสมุดวิทยาเขตสวรรค์ประชารักษ์
►หนังสือทั่วไป
บนชั้น
2. การศึกษาทั่วไป
การศึกษาทั่วไป
CT1540 อ252ส W18 ส473 ฉ.2 
  Barcode: 034635
ห้องสมุดวิทยาเขตสวรรค์ประชารักษ์
►หนังสือทั่วไป
บนชั้น
3. การศึกษาทั่วไป
การศึกษาทั่วไป
CT1540 อ252ส W18 ส473 ฉ.3 
  Barcode: 034636
ห้องสมุดวิทยาเขตสวรรค์ประชารักษ์
►หนังสือทั่วไป
บนชั้น

BibComment


ยังไม่เคยถูกคอมเมนท์

คอมเมนท์ทรัพยากรรายการนี้
  คอมเมนท์: สองทศวรรษสถาบันพ..


 Copyright 2026. Bcnsprnw @Library